| 000 | 00474nam a2200181Ia 4500 | ||
|---|---|---|---|
| 001 | 3883 | ||
| 005 | 20260306145716.0 | ||
| 008 | 260306t2013||||xx |||||||||||||| ||spa|| | ||
| 041 | _aESP | ||
| 082 |
_a305.2351 _bS67 |
||
| 100 |
_aSommers, Christina Hoff, _eAUT |
||
| 245 | 4 |
_aThe war against boys : _bhow misguided policies are harming our young men |
|
| 260 | _c2013 | ||
| 300 |
_a269 páginas : _c21 cm. |
||
| 650 | _aGEN | ||
| 654 | _aCHU | ||
| 942 |
_cLIB _dJUS _fJUS _2ddc _n |
||
| 999 |
_c3883 _d3883 |
||